000 00421nam a2200181Ia 4500
001 4176
005 20260306145736.0
008 260306t2015||||xx |||||||||||||| ||spa||
041 _aESP
082 _a307.7609
_bP61
100 _aPirenne, Henri
_eAUT
245 0 _aLas ciudades de la Edad Media
260 _c2015
300 _a207 páginas :
_c18 cm.
650 _aGEN
654 _aCAU
942 _cLIB
_dJUS
_fJUS
_2ddc
_n
999 _c4176
_d4176